000 00329nam a2200109Ia 4500
008 230302s9999 xx 000 0 und d
082 _a004.954BHA
100 _aBhatt(M.S)&Illiyan(Asharef)
245 _aInformation Technology(IT) in the Indian Economy Policies prospects and challenges
260 _aNEW DELHI
365 _cRS
999 _c152904
_d152904